A moulding industry suitable for Peninsular Malaysia

Bibliographic Details
Main Author: ONG
Format: Book
Published: Kuala Lumpur : Forestry Department , 1982
Subjects:

MARC

LEADER 00000cam a2200000 7i4500
001 0000001754
005 20011115.0
090 0 0 |a JPSM 694   |b ONG 1982 
100 1 0 |a ONG   |h Meng Seng 
245 1 2 |a A moulding industry suitable for Peninsular Malaysia   |c by Ong Meng Seng 
260 0 0 |a Kuala Lumpur :   |b Forestry Department ,   |c 1982 
300 |a 22 p. :   |b ill. ;   |c 30 cm. 
650 0 0 |a Moldings   |z Peninsular Malaysia 
998 |a JPSM 
999 |a 0000002791   |b Monograph   |c Open Shelf   |e Default branch